000 01877nam a22002177a 4500
008 251119b |||||||| |||| 00| 0 eng d
020 _a9781804945360
040 _cTBS
041 _aeng
050 _aPS3611.H66
_bR43 2024
100 _aKhong, Rachel
_d1985-
_926549
_eauthor
245 _aReal Americans
_c/ Rachel Khong.
260 _aLondon :
_bPenguin Books,
_c2025.
300 _a395 pages ;
_c20 cm.
520 _aNew York City, 1999. Lily Chen is an unpaid intern, pursuing the American Dream, when she falls for a young financier – and the life of luxury his vast fortune promises. Everything she wants seems to finally be within reach. But deep down, she knows that her ambitious scientist mother, Mei, imagined so much more for her when she fled the unspoken horrors of Mao’s cultural revolution. Twenty years later, Lily is a single parent, estranged from her own family and increasingly isolated from her teenage son, Nick. Desperate to break free from their life on a remote island in Washington State, Nick strives to live better than the generation before him, unable to understand his mother’s choices. But when he looks into the past and is unexpectedly confronted by the ghosts of his grandmother’s young life in 1960s China, he risks unsettling a legacy of family secrets – passed on from mother, to daughter, to son. Following three generations of one Chinese American family, REAL AMERICANS is a mesmerising, multilayered family drama which explores the choices we make for ourselves, and for our children. Spanning decades and continents, it is a soaring, heartfelt story about fate, fortune, and what it means to belong.
650 0 _aFamilies
_vFiction
_922172
650 0 _aNational characteristics, American
_vFiction
_926550
650 0 _aSingle mothers
_vFiction
_925097
650 0 _aSocial classes
_vFiction
_924096
942 _2lcc
999 _c5190
_d5190